=LDR 00000nam 2200000 4500 =001 NUTBA000000000002160 =005 20140605151011.0 =006 =007 =008 =035 ##$$a 0010-061400000000103 =082 ##$$a 741.5 =090 ##$$a 741.5$bIri t =100 ##$$a Irie Kenzo =245 ##$$a The best skilled surgeon$cIrie Kenzo =250 ##$$a jil.1 =260 ##$$a Jakarta $bElex Media Komputindo $c 1910. =300 ##$$a 29 hlm.$bilus$c15 cm. =650 ##$$a Komik =850 ##$$a NBPNMAT =990 ##$$a 51300043 =990 ##$$a 21400613/BPAP-NTB/20142014